| 000 | 00381 a2200157 4500 | ||
|---|---|---|---|
| 001 | 75167 | ||
| 020 | _a9788576711810 | ||
| 040 | _cAnchieta - Colégio São Paulo | ||
| 100 | _aLauro, Aline | ||
| 240 | 1 | 0 |
_aQuer conhecer minhas brincadeiras? _lpor |
| 245 | 1 | 0 | _aQuer conhecer minhas brincadeiras? |
| 300 | _a16 | ||
| 362 | 0 | _a2014 | |
| 650 | 4 | _aLiteratura infantil | |
| 942 | _cBK | ||
| 999 |
_c75167 _d75167 |
||